<?xml version="1.0" encoding="UTF-8"?>
<record
    xmlns:xsi="http://www.w3.org/2001/XMLSchema-instance"
    xsi:schemaLocation="http://www.loc.gov/MARC21/slim http://www.loc.gov/standards/marcxml/schema/MARC21slim.xsd"
    xmlns="http://www.loc.gov/MARC21/slim">

  <leader>00762nam a2200169Ia 4500</leader>
  <controlfield tag="008">090711s9999    xx            000 0 und d</controlfield>
  <datafield tag="082" ind1=" " ind2=" ">
    <subfield code="b">41947</subfield>
  </datafield>
  <datafield tag="100" ind1=" " ind2=" ">
    <subfield code="a">&#x927;&#x930;&#x94D;&#x92E;&#x93E;&#x927;&#x93F;&#x915;&#x93E;&#x930;&#x940; &#x92D;&#x93E;&#x90A;</subfield>
  </datafield>
  <datafield tag="245" ind1=" " ind2=" ">
    <subfield code="a">&#x917;&#x93E;&#x902;&#x927;&#x940;&#x91C;&#x940;&#x902;S&#x94B; &#x935;&#x93F;&#x926;&#x94D;&#x92F;&#x93E;&#x930;&#x94D;&#x925;&#x94D;&#x92F;&#x93E;&#x936;&#x940; &#x939;&#x93F;&#x924;&#x917;&#x941;&#x91C;</subfield>
  </datafield>
  <datafield tag="260" ind1=" " ind2=" ">
    <subfield code="b">&#x92E;&#x939;&#x93E;&#x930;&#x93E;&#x937;&#x94D;&#x91F;&#x94D;&#x930; &#x917;&#x94D;&#x930;&#x902;&#x925; &#x92D;&#x93E;&#x902;&#x921;&#x93E;&#x930;</subfield>
    <subfield code="c">1943</subfield>
  </datafield>
  <datafield tag="300" ind1=" " ind2=" ">
    <subfield code="a">111</subfield>
  </datafield>
  <datafield tag="600" ind1=" " ind2=" ">
    <subfield code="a">&#x927;&#x930;&#x94D;&#x92E;&#x93E;&#x927;&#x93F;&#x915;&#x93E;&#x930;&#x940; &#x92D;&#x93E;&#x90A;</subfield>
  </datafield>
  <datafield tag="630" ind1=" " ind2=" ">
    <subfield code="a">&#x917;&#x93E;&#x902;&#x927;&#x940;&#x91C;&#x940;&#x902;S&#x94B; &#x935;&#x93F;&#x926;&#x94D;&#x92F;&#x93E;&#x930;&#x94D;&#x925;&#x94D;&#x92F;&#x93E;&#x936;&#x940; &#x939;&#x93F;&#x924;&#x917;&#x941;&#x91C;</subfield>
  </datafield>
  <datafield tag="700" ind1=" " ind2=" ">
    <subfield code="a">&#x927;&#x930;&#x94D;&#x92E;&#x93E;&#x927;&#x93F;&#x915;&#x93E;&#x930;&#x940; &#x92D;&#x93E;&#x90A;</subfield>
  </datafield>
  <datafield tag="730" ind1=" " ind2=" ">
    <subfield code="a">&#x917;&#x93E;&#x902;&#x927;&#x940;&#x91C;&#x940;&#x902;S&#x94B; &#x935;&#x93F;&#x926;&#x94D;&#x92F;&#x93E;&#x930;&#x94D;&#x925;&#x94D;&#x92F;&#x93E;&#x936;&#x940; &#x939;&#x93F;&#x924;&#x917;&#x941;&#x91C;</subfield>
  </datafield>
  <datafield tag="942" ind1=" " ind2=" ">
    <subfield code="c">BOOK</subfield>
  </datafield>
  <datafield tag="999" ind1=" " ind2=" ">
    <subfield code="c">285733</subfield>
    <subfield code="d">285733</subfield>
  </datafield>
  <datafield tag="952" ind1=" " ind2=" ">
    <subfield code="0">0</subfield>
    <subfield code="1">0</subfield>
    <subfield code="4">0</subfield>
    <subfield code="7">0</subfield>
    <subfield code="a">DASAVA</subfield>
    <subfield code="b">DASAVA</subfield>
    <subfield code="d">2009-07-11</subfield>
    <subfield code="g">2.00</subfield>
    <subfield code="l">0</subfield>
    <subfield code="o">41947</subfield>
    <subfield code="p">DASAVA-41947</subfield>
    <subfield code="r">2009-07-11 00:00:00</subfield>
    <subfield code="v">2.00</subfield>
    <subfield code="w">2009-07-11</subfield>
    <subfield code="y">BOOK</subfield>
  </datafield>
</record>
